<?xml version="1.0" encoding="UTF-8"?><?xml-stylesheet type="text/xsl" href="static/style.xsl"?><OAI-PMH xmlns="http://www.openarchives.org/OAI/2.0/" xmlns:xsi="http://www.w3.org/2001/XMLSchema-instance" xsi:schemaLocation="http://www.openarchives.org/OAI/2.0/ http://www.openarchives.org/OAI/2.0/OAI-PMH.xsd"><responseDate>2026-06-06T03:55:45Z</responseDate><request verb="GetRecord" identifier="oai:riuma.uma.es:10630/32959" metadataPrefix="marc">https://riuma.uma.es/rest/oai/request</request><GetRecord><record><header><identifier>oai:riuma.uma.es:10630/32959</identifier><datestamp>2026-02-03T11:06:03Z</datestamp><setSpec>com_10630_2254</setSpec><setSpec>col_10630_37953</setSpec></header><metadata><record xmlns="http://www.loc.gov/MARC21/slim" xmlns:dcterms="http://purl.org/dc/terms/" xmlns:doc="http://www.lyncode.com/xoai" xmlns:xsi="http://www.w3.org/2001/XMLSchema-instance" xsi:schemaLocation="http://www.loc.gov/MARC21/slim http://www.loc.gov/standards/marcxml/schema/MARC21slim.xsd">
   <leader>00925njm 22002777a 4500</leader>
   <datafield ind2=" " ind1=" " tag="042">
      <subfield code="a">dc</subfield>
   </datafield>
   <datafield ind2=" " ind1=" " tag="720">
      <subfield code="a">Martin‐Masot, Rafael</subfield>
      <subfield code="e">author</subfield>
   </datafield>
   <datafield ind2=" " ind1=" " tag="720">
      <subfield code="a">Díaz-Martín, Juan José</subfield>
      <subfield code="e">author</subfield>
   </datafield>
   <datafield ind2=" " ind1=" " tag="720">
      <subfield code="a">Santamaría- Orleans, Alicia</subfield>
      <subfield code="e">author</subfield>
   </datafield>
   <datafield ind2=" " ind1=" " tag="720">
      <subfield code="a">Navas-López, Víctor Manuel</subfield>
      <subfield code="e">author</subfield>
   </datafield>
   <datafield ind2=" " ind1=" " tag="260">
      <subfield code="c">2023-02-14</subfield>
   </datafield>
   <datafield ind2=" " ind1=" " tag="520">
      <subfield code="a">Introduction: The COVID-19 pandemic forced a change in the working dynamics of all healthcare professionals, leading to the sudden introduction of telemedicine. Although until that moment telemedicine applications had been described in the paediatric age, their use was anecdotal.&#xd;
&#xd;
Objective: To analyse the experience of Spanish paediatricians after the forced digitization of consultations due to the pandemic.&#xd;
&#xd;
Methods: A cross-sectional survey-type study was designed to obtain information from Spanish paediatricians about the changes that took place in the usual clinical practice.&#xd;
&#xd;
Results: 306 health professionals participated in the study Most of them agreed on the use of the internet and social networks during the pandemic, referring to mail or WhatsApp® as usual channels of communication with their patients' families. There was a great agreement among paediatricians that the evaluation of newborns after hospital discharge and establishing methodologies that allow childhood vaccination and the identification of subsidiary patients for face-to-face evaluation were necessary although the limitations of the lockdown. The idea that telephone and digital consultations have optimized the consultation time and that they will probably continue after the end of the pandemic was generally accepted. No changes in adherence to breastfeeding or the start of complementary feeding were referred to, but an increase in the duration of breastfeeding and the appearance of frequent hoaxes in social networks concerning infant feeding were found.&#xd;
&#xd;
Conclusions: It is necessary to analyse the impact of telemedicine in paediatric consultations during the pandemic to evaluate its effectiveness and quality to maintain it in routine paediatric practice.</subfield>
   </datafield>
   <datafield ind1="8" ind2=" " tag="024">
      <subfield code="a">Martín-Masot R, Diaz-Martin JJ, Santamaría Orleans A and Navas-López VM (2023) Impact of the COVID-19 pandemic on the digitization of routine pediatric practice in Spain: A nationwide survey study. Front. Pediatr. 11:1106488.</subfield>
   </datafield>
   <datafield ind1="8" ind2=" " tag="024">
      <subfield code="a">2296-2360</subfield>
   </datafield>
   <datafield ind1="8" ind2=" " tag="024">
      <subfield code="a">https://hdl.handle.net/10630/32959</subfield>
   </datafield>
   <datafield ind1="8" ind2=" " tag="024">
      <subfield code="a">10.3389/fped.2023.1106488</subfield>
   </datafield>
   <datafield tag="653" ind2=" " ind1=" ">
      <subfield code="a">Pediatría - Práctica</subfield>
   </datafield>
   <datafield tag="653" ind2=" " ind1=" ">
      <subfield code="a">Medicina - Innovaciones tecnológicas</subfield>
   </datafield>
   <datafield ind2="0" ind1="0" tag="245">
      <subfield code="a">Impact of the COVID-19 pandemic on the digitization of routine pediatric practice in Spain: A nationwide survey study.</subfield>
   </datafield>
</record>
</metadata></record></GetRecord></OAI-PMH>